Geschichte Rom und Byzanz - Multiple Choice - Statistiken

Allgemein
  • Dieses Quiz wurde 26 mal gespielt
  • Das Durchschnittsergebnis liegt bei 16 aus 35
Antwortstatistiken
Frage Antwort % Korrekt
Mythischer Stadtgründer Roms Romulus
95%
Gegner Roms in den punischen Kriegen Karthago
91%
Ort großer Niederlage gegen Hannibal Cannae
77%
Der letzte König Roms (ca. 500 v. Chr.) Tarquinius Superbus
73%
Hauptrivale Roms an dessen Ostgrenze im 1. und 2. Jahrhundert Partherreich
68%
Oberbefehlshaber der von mehreren Germanenstämmen 9 n. Chr. geschlagenen römischen Armee Publius Quinctilius Varus
68%
Letzter Kaiser im Westen des Römischen Reiches Romulus Augustulus
64%
wurde nach dessen Tod Adoptivsohn des ermordeten Diktators Gaius Iulius Caesar Gaius Octavius
59%
Konsul des Jahres 63 v. Chr. und Autor von "De re publica" Marcus Tullius Cicero
59%
Osmanischer Sultan, der 1453 Konstantinopel einnahm Mehmed II
59%
Normannischer König Siziliens, führte Ende des 11. Jhdts. Krieg gegen Byzanz Robert Guiscard
59%
Kaiser, der die gotische Herrschaft in Italien wieder beenden ließ Justinian
55%
KEIN Kaiser des Vierkaiserjahres Claudius
50%
Kaiser, der das Christentum zur Staatsreligion Roms machte Theodosius
50%
Macht, die 1204 nach Errichtung des Lateinischen Kaiserreichs in Konstantinopel große Teile des byzantinischen Reiches erhielt Venedig
50%
Kaiser, der 1081 seinen Vorgänger stürzte und 37 Jahre lang regierte Alexios Komnenos
45%
Persischer General, der 614 Jerusalem einnahm Farrukhan (Schahrbaraz)
45%
Begriff für die religiöse Strömung, die die Verehrung von Heiligenbildern verhindern wollte Ikonoklasmus
45%
Letzter byzantinischer Kaiser Konstantin XI
45%
Römischer Politiker des 2. Jahrhunderts v. Chr., bekannt durch den Satz "Ceterum censeo Carthaginem esse delendam" Marcus Porcius Cato
45%
Kaiser mit dem Beinamen "Der bleiche Tod der Sarazenen" Nikephoros Phokas
41%
als Kaiser Initiator der Tetrarchie Diokletian
36%
"König von Italien" - germanischstämmiger Offizier, der den letzten Kaiser Westroms absetzte Odoaker
36%
KEIN General der Zeit Justinians Aspar
32%
Persischer König von 531 bis 579 - großer Gegenspieler von obigem Kaiser (Frage 17) Chosrau
32%
Arabischer Heerführer, der in den 630er-Jahren nach Syrien und Mesopotamien vorstieß Khalid
32%
Bulgarischer Khan, der im frühen 9. Jahrhundert mehrere große Siege gegen das byzantinische Heer erreichte Krum
32%
letztendlich siegreicher General im Bürgerkrieg in den 80ern des 1. Jahrhunderts v. Chr. Lucius Cornelius Sulla
32%
Großfürst der Kiewer Rus, der um 970 Krieg gegen Byzanz führte Swjatoslaw
32%
Verbündete Macht Ostroms 626/27 im Krieg gegen das Perserreich Göktürken-Khaganat
27%
Oströmischer Kaiser von 582 bis 602, bekannt für die Balkanfeldzüge Maurikios
14%
"Soldatenkaiser", der 283 die persische Hauptstadt Ktesiphon zerstörte Carus
9%
Ort der schweren Niederlage gegen das Seldschuken-Sultanat im Jahr 1071 Mantzikert
9%
Osmanischer Emir, unter dem die erste türkische Siedlung in Europa entstand Orhan
9%
Bulgarischer Fürst, der von Kaiser Justinian II den Titel "Caesar" erhielt Tervel
9%
Keine übereinstimmenden Quizze gefunden
Verteilung der Resultate
Anzahl Personen mit jedem Resultat
Perzentil nach korrekt beantworteten Fragen
Ihre Resultats-Entwicklung
Sie haben dieses Quiz noch nicht gespielt